000 00734nam a2200217Ia 4500
003 GCL
008 140319s9999 xx 000 0 ara d
040 _aGCL /
_cGCL
082 0 4 _a338.5
_bم ت
100 1 _aمحمد عبدالقادر حاتم
245 1 0 _aتقرير المجلس القومى للانتاج والشئون الاقتصادية /
_cمحمد عبدالقادر حاتم
300 _a91 ص
490 _aالهيئة العامة للاستعلامات
_v0
650 0 4 _aالاقتصاد
650 0 4 _aالاسعار
650 0 4 _aالانتاج
650 0 4 _aالانفتاح الاقتصادى
650 0 4 _aالاقتصاد القومى
650 0 4 _aالتسويق التعاونى
942 _2ddc
_cBK
999 _c50659
_d50659